000 00491 a2200157 4500
005 20250628080001.0
020 _a81-224-1522-9
082 _a001.43 KOT
100 _aKOTHARI, C.R.
245 _aResearch Methodology: Methods & techniques.
250 _a2nd Ed.
260 _aNew Delhi,
_bNew Age International (P) Ltd,
_c2004.
300 _axiv, 401p.: ill.; chart, graph, table
_bIndex & References
_c25cm
856 _yAccess online book
_fResearch
_dwww.newagepublisher.com
942 _2ddc
_cBKS
999 _c15
_d15